Berlin Sister Cities - Statistics

General Stats
  • This quiz has been taken 74 times
  • The average score is 16 of 17
Answer Stats
Hint Answer % Correct
United Kingdom London
100%
France Paris
100%
Japan Tokyo
100%
Spain Madrid
98%
Mexico Mexico City
98%
Czech Republic Prague
95%
China Beijing
94%
Belgium Brussels
94%
Argentina Buenos Aires
94%
Russia Moscow
94%
Poland Warsaw
94%
Hungary Budapest
92%
Turkey Istanbul
92%
Indonesia Jakarta
91%
United States Los Angeles
89%
Namibia Windhoek
78%
Uzbekistan Tashkent
72%
No matching quizzes found
Score Distribution
Percent of People with Each Score
Percentile by Number Answered
Your Score History
You have not taken this quiz